| 000 | 00557nam a22002057a 4500 | ||
|---|---|---|---|
| 003 | OSt | ||
| 005 | 20151012165420.0 | ||
| 008 | 150211b xxu||||| |||| 00| 0 eng d | ||
| 020 | _a84-96246-25-6 | ||
| 040 | _cBMC | ||
| 082 | _a853 | ||
| 100 | 1 |
_931549 _aSalgari, Emilio _d1862-1911 |
|
| 245 | 1 | 3 |
_aEl corsario negro _cEmilio Salgari ; [Traducción, José Luis Aja] |
| 260 |
_aMadrid _bEl país _c2004 |
||
| 300 |
_a363 p. _b20 cm |
||
| 490 |
_aAventuras _v17 |
||
| 650 | 2 | 4 |
_929384 _aNovela italiana |
| 700 | 1 |
_936714 _aAja, José Luis |
|
| 942 |
_2ddc _cBK |
||
| 999 |
_c22904 _d22904 |
||